| 000 | 02081nam a22003617a 4500 | ||
|---|---|---|---|
| 008 | 250523b |||||||| |||| 00| 0 eng d | ||
| 020 | _a9781399812580 | ||
| 040 | _ctbs | ||
| 041 |
_afre _aeng |
||
| 100 |
_aCarpenter, Catrine _925345 _eauthor |
||
| 245 |
_aBeginners' French _c/ Catrine Carpenter |
||
| 246 | _aTeach yourself beginner's French | ||
| 260 |
_aLondon : _bTeach Yourself, _c2024. |
||
| 300 |
_axx, 219 pages : _billustrations, maps ; _c20 cm. |
||
| 490 | _aTeach yourself | ||
| 505 | _aMapped to A1-B1 on the Common European Framework of Reference — Everyday phrases and expressions — A bilingual word list — Practice activities — Listening exercises with online audio. | ||
| 520 | _aBeginners' French is for absolute beginners and those who’ve had some previous experience with the language and want to refresh their knowledge. Clear and simple explanations make the course appropriate and accessible to anyone learning French. There are extensive illustrations and tools to help you plan your studies and track your progress, all designed to support learning on your own. This course is also ideal to use with one-to-one tutoring and as a classroom course, and it’s the perfect resource to pair with a language-learning app. | ||
| 650 | 0 |
_aFrench language _xTextbooks for foreign speakers _xEnglish _94891 |
|
| 650 | 0 |
_aFrench language _xConversation and phrase books _xEnglish _925346 |
|
| 650 | 0 |
_aFrench language _vSelf-instruction _925301 |
|
| 650 | 0 |
_aFrench language _xStudy and teaching _xForeign speakers _924325 |
|
| 650 | 0 |
_aFrench language _xGrammar _925347 |
|
| 655 | 0 |
_aPhrase books _925062 |
|
| 655 | 0 |
_aProgrammed instructional materials _925329 |
|
| 655 | 0 |
_aInstructional and educational works _923270 |
|
| 655 | 0 |
_aInformational works _923310 |
|
| 655 | 0 |
_aSelf-instructional works _925331 |
|
| 700 |
_aCoggle, Paul _925348 _eeditor |
||
| 700 |
_aFowler, J. E. _q(James E.) _925349 _eeditor |
||
| 700 |
_aChaurin, Thomas _925350 _eeditor |
||
| 700 |
_aMedeiros, Ana Maria Sousa Aguiar de _d1965- _925351 _eeditor |
||
| 942 | _2lcc | ||
| 999 |
_c4703 _d4703 |
||